00469 2200157 4500001002100000008004100021035002000062245007000082100002400152260004700176300003000223020001800253084001700271082001100288990001200299INLIS000000000000860 ind  a0010-0924000318 aPengetahuan Praktis Kesehatan dalam OlahragacSadoso Sumosardjuno aSadoso Sumosardjuno aJakarta :bPT Gramedia Pustaka Utamac1992 aix, 268 halaman :c21 cm. a979-403-012-0 a612.04 SAD p a612.04 a0001157